Fizyczne wielkości pochodne o nazwie specjalnej - bez nazw - Statystyki

Ogólne statystyki
  • Ten quiz został rozwiązany 25 razy
  • Średni wynik to 17 z 22
Statystyki odpowiedzi
Nazwa Symbol % Poprawnych
ładunek elektryczny C
100%
temperatura Celsjusza C
100%
energia J
100%
ciśnienie Pa
100%
konduktancja S
100%
indukcyjność H
91%
częstotliwość Hz
91%
siła N
91%
moc W
91%
kąt płaski rad
82%
kąt bryłowy sr
82%
indukcja magnetyczna T
82%
pojemnośc elektryczna F
73%
potencjał elektryczny V
73%
strumień świetlny lm
64%
strumień magnetyczny Wb
64%
aktywność katalityczna kat
55%
natężenie oświetlenia lx
55%
rezystancja omega
55%
aktywność radionuklidu Bq
36%
dawka pochłonięta Gy
36%
równoważnik dawki pochłoniętej Sv
36%
Nie znaleziono quizów pasujących do podanych kryteriów
Rozkład punktacji
Procent ludzi z każdym wynikiem
Percentyl według liczby udzielonych odpowiedzi
Twoja historia wyników
Nie rozwiązałeś tego quizu